Pays Qui Parlent Français - Mort Subite - Statistiques

Statistiques générales
  • Ce quiz a été pris 2 754 fois
    2 679 depuis la dernière actualisation
  • Le résultat moyen est 3 sur 15
Answers on the Grid
Answers color-coded by a green-red scale on the quiz's grid according to % correct below.
Salomon
Haïti
Égypte
Suisse
Soudan
Guinée
Guinée-Bissau
Guinée Équatoriale
Papouasie-Nouvelle-Guinée
Andorre
Vanuatu
Éthiopie
République du Congo
R.D. du Congo
Afrique du Sud
Comores
Espagne
Algérie
Bénin
Rwanda
Madagascar
Tunisie
Monaco
Maroc
États-Unis
Niger
Nigeria
Canada
Jordanie
Cameroun
 
Statistiques - réponses
Réponse % Correct
Suisse
76%
Haïti
55%
Monaco
24%
Canada
22%
Guinée
22%
R.D. du Congo
20%
République du Congo
18%
Madagascar
13%
Cameroun
11%
Comores
10%
Bénin
6%
Niger
6%
Vanuatu
6%
Guinée Équatoriale
4%
Rwanda
3%
Aucun quiz correspondant
Distribution des résultats
% des personnes avec chaque résultat
Percentile par nombre de réponses
Votre historique - résultats
Vous n’avez pas pris ce quiz depuis la dernière actualisation